| 000 | 00478nam a2200157 a 4500 | ||
|---|---|---|---|
| 005 | 20140412111330.0 | ||
| 008 | 030116s19uu xx 00 eng d | ||
| 050 |
_aER _bHa23 |
||
| 100 | _aCrawford, Thomas | ||
| 245 |
_aHarold's flyaway kite / _cwritten by Thomas Crawford ; illustrated by Veronica Buffington. |
||
| 260 |
_aMahwah, N. J : _bTroll Associates, _c1970. |
||
| 300 | _a1 v. (unp.) ; ill. | ||
| 650 | _aKites--Fiction | ||
| 650 | _aWind--Fiction | ||
| 999 |
_c104881 _d104881 |
||